[Event "GER-chT Federal Cup (Women)"]
[Site "Braunfels"]
[Date "2022.06.17"]
[Round "3.15"]
[White "Kuehnel, Jutta"]
[Black "Schilay, Eva"]
[Result "1-0"]
[WhiteElo "1547"]
[BlackElo "1691"]
[PlyCount "85"]
[EventDate "2022.06.15"]
[EventType "team-swiss"]
[EventRounds "5"]
[EventCountry "GER"]
[SourceTitle "EXT 2023"]
[Source "ChessBase"]
[SourceDate "2022.10.05"]
[SourceVersion "1"]
[SourceVersionDate "2022.10.05"]
[SourceQuality "1"]

1. e4 e5 2. Nf3 Nc6 3. Bc4 Bc5 4. c3 Nf6 5. d4 exd4 6. cxd4 Bb4+ 7. Nc3 d5 8. exd5 Nxd5 9. 0-0 Nxc3 10. Qe1+ Ne2+ 11. Qxe2+ Qe7 12. Qxe7+ Nxe7 13. Bf4 Bd7 14. a3 Bd6 15. Bxd6 cxd6 16. Rfe1 Bg4 17. Ng5 Bh5 18. Re3 Kf8 19. Rae1 Nf5 20. Re4 Bg6 21. Bb5 f6 22. Ne6+ Kf7 23. Nf4 Rhd8 24. Bc4+ d5 25. Bxd5+ Rxd5 26. Nxd5 Rd8 27. Nc3 Nxd4 28. Re7+ Kf8 29. Rxb7 Nc6 30. h3 a5 31. Rd1 Bc2 32. Rxd8+ Nxd8 33. Ra7 a4 34. Nxa4 Nc6 35. Ra8+ Ke7 36. Nc3 Kd6 37. Re8 Kc5 38. Rc8 Kd6 39. Nb5+ Kd5 40. Rxc6 Ba4 41. Nc3+ Kxc6 42. Nxa4 Kb5 43. b3 1-0

[Event "DSOL 06 Liga Gr-D 1st"]
[Site "Playchess.com INT"]
[Date "2020.08.14"]
[Round "2.3"]
[White "Kuehnel, Jutta"]
[Black "Boehm, Margit"]
[Result "1/2-1/2"]
[WhiteElo "1475"]
[BlackElo "1091"]
[PlyCount "171"]
[EventDate "2020.06.22"]
[EventType "team-tourn (rapid)"]
[EventCountry "GER"]
[SourceTitle "EXT 2021"]
[Source "ChessBase"]
[SourceDate "2020.10.23"]
[SourceVersion "1"]
[SourceVersionDate "2020.10.23"]
[SourceQuality "1"]
[WhiteTeam "Ersingen"]
[BlackTeam "Windach"]
[WhiteTeamCountry "GER"]
[BlackTeamCountry "GER"]

1. e4 c5 2. Nf3 d6 3. d4 cxd4 4. Nxd4 Nf6 5. Nc3 a6 6. Be2 Nbd7 7. Be3 g6 8. Qd2 Bg7 9. 0-0 0-0 10. f3 Qc7 11. a4 e5 12. Nb3 Nb6 13. a5 Nc4 14. Bxc4 Qxc4 15. Qxd6 Nh5 16. Bc5 f5 17. Nd2 Qe6 18. Qxe6+ Bxe6 19. Bxf8 Rxf8 20. Nb3 Rd8 21. Rfd1 Bf6 22. Nd5 Bg5 23. Kf2 fxe4 24. Nc3 e3+ 25. Kg1 Rf8 26. Nc5 Bc4 27. N5e4 e2 28. Re1 Be3+ 29. Kh1 Nf4 30. g3 Nh3 31. Nxe2 Rxf3 32. Kg2 Rf8 33. Kxh3 Be6+ 34. Kg2 h5 35. Ng1 Bd4 36. Rf1 Bf5 37. Ng5 Bxb2 38. Rab1 Bd4 39. Rxb7 Be3 40. h4 Bxg5 41. Rxf5 Rxf5 42. hxg5 Rxg5 43. Rb6 e4 44. Rxa6 Rc5 45. Rxg6+ Kf7 46. Ra6 Rxc2+ 47. Kh3 e3 48. Rh6 e2 49. Nxe2 Rxe2 50. Rxh5 Ra2 51. g4 Kg6 52. Kg3 Ra3+ 53. Kh4 Ra2 54. Kg3 Ra3+ 55. Kf2 Ra2+ 56. Ke1 Ra4 57. Rd5 Rxg4 58. Kd2 Ra4 59. Kc3 Kf6 60. Kb3 Ra1 61. Kb4 Ke6 62. Rh5 Kd6 63. Rh6+ Kc7 64. Kb5 Rb1+ 65. Ka6 Rb2 66. Rh7+ Kc6 67. Ka7 Ra2 68. a6 Rb2 69. Rb7 Ra2 70. Rb6+ Kc7 71. Rb7+ Kc8 72. Rh7 Ra3 73. Rb7 Ra2 74. Rb6 Kc7 75. Rh6 Ra3 76. Ka8 Ra2 77. a7 Ra3 78. Rh7+ Kc8 79. Rh8+ Kc7 80. Rb8 Ra2 81. Rb7+ Kc8 82. Rb8+ Kc7 83. Rh8 Ra3 84. Rh7+ Kc8 85. Rb7 Ra2 86. Rb8+ 1/2-1/2

[Event "GER-chT Federal Cup (Women)"]
[Site "Braunfels"]
[Date "2016.05.27"]
[Round "2.8"]
[White "Braun, Kristin"]
[Black "Kuehnel, Jutta"]
[Result "1-0"]
[WhiteElo "1809"]
[BlackElo "1373"]
[PlyCount "27"]
[EventDate "2016.05.26"]
[EventType "team-swiss"]
[EventRounds "5"]
[EventCountry "GER"]
[SourceTitle "EXT 2019"]
[Source "ChessBase"]
[SourceDate "2018.10.10"]
[SourceVersion "1"]
[SourceVersionDate "2018.10.10"]
[SourceQuality "1"]
[WhiteTeam "Bayern (W)"]
[BlackTeam "Baden (W)"]
[WhiteTeamCountry "GER"]
[BlackTeamCountry "GER"]

1. d4 d5 2. Nf3 Nf6 3. e3 Nbd7 4. Bd3 e6 5. 0-0 c5 6. b3 Bd6 7. Bb2 a6 8. Ne5 Bc7 9. f4 cxd4 10. exd4 0-0 11. Nd2 Re8 12. Rf3 Nf8 13. Rg3 Kh8 14. Nxf7+ 1-0